| 000 | 00597nam a2200205Ia 4500 | ||
|---|---|---|---|
| 999 |
_c15901 _d15901 |
||
| 001 | 15389 | ||
| 003 | PK-LaUMT | ||
| 005 | 20220902152431.0 | ||
| 008 | 140403s9999 xx 000 0 und d | ||
| 020 | _a1-58076-149-6 | ||
| 040 | _cPK-LaUMT | ||
| 082 |
_aW 004.076 _bJES-I |
||
| 100 | _aJessup, Leonard M. | ||
| 245 |
_aTest bank to accompany information systems foundations _cJessup, Leonard M.<>Valacich, Joseph S., J.A. |
||
| 260 |
_aIndianapolis: _bQue Education and Training, _c1999 |
||
| 300 | _a439 p | ||
| 546 | _aEN | ||
| 700 | _aValacich, Joseph S., J.A. | ||
| 942 |
_cWEEDED OUT _2ddc |
||